LEADER 03138nam 22006494a 450 001 9910454822503321 005 20200520144314.0 010 $a1-280-35106-3 010 $a9786610351060 010 $a0-7879-5998-7 035 $a(CKB)111004366779266 035 $a(EBL)120505 035 $a(OCoLC)137281328 035 $a(SSID)ssj0000161105 035 $a(PQKBManifestationID)11163419 035 $a(PQKBTitleCode)TC0000161105 035 $a(PQKBWorkID)10190638 035 $a(PQKB)11181356 035 $a(MiAaPQ)EBC120505 035 $a(Au-PeEL)EBL120505 035 $a(CaPaEBR)ebr10001709 035 $a(CaONFJC)MIL35106 035 $a(EXLCZ)99111004366779266 100 $a20001024d2001 uy 0 101 0 $aeng 135 $aur|n|---||||| 181 $ctxt 182 $cc 183 $acr 200 00$aGender equity or bust!$b[electronic resource] $eon the road to campus leadership with women in higher education /$fMary Dee Wenniger, Mary Helen Conroy ; foreword by Lesley A. Diehl 205 $a1st ed. 210 $aSan Francisco $cJossey-Bass Publishers$dc2001 215 $a1 online resource (335 p.) 225 1 $aThe Jossey-Bass higher and adult education series 300 $aDescription based upon print version of record. 311 $a0-7879-5284-2 320 $aIncludes bibliographical references (p. 291-292) and index. 327 $aGender Equity or Bust!; Contents; Foreword; Preface; Bill of Rights for Women in Higher Education; Abbreviations; The Editors; 1. Current Road Conditions for Women Drivers; 2. In the Driver's Seat: Women as Leaders; 3. Driver's Ed: Developing Leadership Skills; 4. Reading the Map of Your Career 101; 5. Roadblocks and Road Rage; 6. Sex on the Road; 7. The Driver Within; 8. Are We There Yet?; Epilogue; References; Index 330 $aGender battles still rage on most college and university campuses today. For eight years, Women in Higher Education has reported women's strategic advances in the academy. Its goal is to enlighten, encourage, empower, and enrage women administrators, faculty, and students in higher education.This book is a compendium of lively, hard-hitting articles from the successful newsletter. Its thematic sections blend serious commentary, research results, and practical advice with wry humor. Readers will find a broad view of recent progress as well as effective strategies from women who have changed the 410 0$aJossey-Bass higher and adult education series. 606 $aWomen college teachers$zUnited States 606 $aWomen$xEducation (Higher)$zUnited States 606 $aSex discrimination in education$zUnited States 608 $aElectronic books. 615 0$aWomen college teachers 615 0$aWomen$xEducation (Higher) 615 0$aSex discrimination in education 676 $a378/.0082 701 $aWenniger$b Mary Dee$f1944-$0932529 701 $aConroy$b Mary Helen$0932530 801 0$bMiAaPQ 801 1$bMiAaPQ 801 2$bMiAaPQ 906 $aBOOK 912 $a9910454822503321 996 $aGender equity or bust$92098454 997 $aUNINA LEADER 01125nam a2200253 i 4500 001 991003727279707536 005 20021223110402.0 008 020802s2002 ||| ||| | ||| 020 $a8887744017 035 $ab11855228-39ule_inst 035 $aocm00002382$9ExL 040 $aDip.to Beni Culturali$bita 245 13$aLa pittura parietale in Macedonia e Magna Grecia :$batti del Convegno Internazionale di Studi in ricordo di Mario Napoli Salerno-Paestum, 21-23 novembre 1996 /$ca cura di Angela Pontrandolfo 260 $aPaestum:$bPandemos,$c2002 300 $a158 p., [23] c. di tav. ;$c24 cm 500 $aIn testa al front.: Università degli Studi di Salerno. Dipartimento di Beni Culturali 650 0$aPittura parietale$zMagna Grecia 700 1 $aPontrandolfo, Angela 907 $a.b11855228$b02-04-14$c23-12-02 912 $a991003727279707536 945 $aLE001 AR III 260 4?$g1$i2001000028825$lle001$o-$pE0.00$q-$rl$s- $t0$u0$v0$w0$x0$y.i12107505$z23-12-02 996 $aPittura parietale in Macedonia e Magna Grecia$988145 997 $aUNISALENTO 998 $ale001$b01-01-02$cm$da $e-$feng$git $h3$i1